Statistiques concernant Culture Générale - Série 683

Cliquez ici pour prendre le quiz!

Statistiques générales

  • Ce quiz a été pris 166 fois
  • Le résultat moyen est 7 sur 10

Statistiques - réponses

QuestionRéponse% Correct
Quel nom porte la pierre allongée qu'Obélix transporte régulièrement sur son dos ?menhir
96%
Au judo, quelle est la couleur de la toute première ceinture d'un débutant ?blanche
94%
La ville de New York est surnommée la "Grosse...pomme
90%
A quel poète grec attribue-t-on le poème épique "L'Iliade" qui raconte un épisode de la Guerre de Troie ?Homère
84%
De quel président de la République Mazarine Pingeot est-elle la fille ?François Mitterrand
81%
De quel massif montagneux, qui désigne aussi un département, le Grand Ballon anciennement Ballon de Guebwiller est-il le point culminant ?Vosges
80%
A quelle équipe de football du Pas-de-Calais appartiennent les joueurs surnommés les "Sang et Or" ?Lens
67%
Quel jardin parisien abrite les grandes serres qui ont réouvert leurs portes au printemps 2010, après six ans de travaux ?Le jardin des Plantes
46%
Dans la série de BD signées Zep, quel est le prénom du meilleur copain de Titeuf qui porte toujours de grosses lunettes ?Manu
37%
De quel grand musicien Richard Wagner a-t-il épousé la fille ?Franz Liszt
14%

Distribution des résultats

Percentile par nombre de réponses

% des personnes avec chaque résultat

Votre développement - résultats

Vous n’avez pas pris ce quiz